000 01026nas a2200313 4500
001 BR8101979
003 BR-BrBNA
005 20231205084619.0
007 ta
008 230509b bl.|||p| |||| 00| 00por d
040 _aBR-BrBNA
_bpor
_cBiblioteca Nacional de Agricultura
041 _a(Pt)
072 _aL70
100 1 _aSusko, I.
100 1 _aRaiser, A.G.
100 1 _aSturion, D.J.
100 1 _aCampello, R.A.V.
100 1 _aSilveira, J.F. de
100 1 _aPippi, N.L.
245 1 _aO uso do metomidate, isolado ou associado as Azaperone, na sedacao de suinos [Sus domesticus; Brasil]
246 1 _a[The use of methomidate, alone or associated with azaperone in the sedation of swine [Sus domesticus; Brazil]]
650 _aVeterinaria
650 _aSUÍNO
650 _aAnestesia
650 _aCirurgia
773 0 _tRevista do Centro de Ciencias Rurais (Brazil)
_xISSN 0085-5901
_g(Sep 1980), v. 10(3) p. 285-290
_wBR8101979
909 _a202311
_bLúcia
_c55
_dLúcia Elande
942 _2AGRIS
_n0
_cANA
999 _c106258
_d106258